000 00344pab a2200133 454500
008 180718b1987 xxu||||| |||| 00| 0 eng d
245 _aPersistence and polarisation in rural Bangladesh
_bDebate
260 _c1987
300 _a533-40
362 _aJuly
650 _aFarmers - Bangladesh
773 _aJournal of Peasant Studies
909 _a8219
999 _c8219
_d8219